Statistics for Bands/Groups with Missing Vowels

Click here to take the quiz!

General Stats

  • This quiz has been taken 489 times
  • The average score is 13 of 20

Answer Stats

HintBand/Group% Correct
pnkflydPink Floyd
99%
qnQueen
96%
cldplyColdplay
93%
nrvnNirvana
90%
thbtlsThe Beatles
88%
mtllcMetallica
87%
vnhlnVan Halen
87%
bnjvBon Jovi
85%
rsmthAerosmith
73%
dpprplDeep Purple
66%
2U2
66%
thwhThe Who
60%
rdhdRadiohead
59%
gnssGenesis
51%
blndBlondie
47%
bbAbba
42%
bgsBee Gees
39%
glsEagles
25%
msMuse
24%
ssOasis
17%

Score Distribution

Percentile by Number Answered

Percent of People with Each Score

Your Score History

You have not taken this quiz